| 000 | 00515nam a2200169 a 4500 | ||
|---|---|---|---|
| 005 | 20210223125133.0 | ||
| 008 | 030924s1974 pe r 000 0 spa d | ||
| 035 | _aUPN01000129162 | ||
| 049 | _aCG | ||
| 050 | 4 |
_aPN3155 _bN32 |
|
| 245 | 0 | 0 |
_aNacer de la esperanza : _buna experiencia de comunicación popular. |
| 260 |
_aLima : _bInstituto Ferrol de Chimbote, _c1974. |
||
| 300 |
_a58 p. : _bil. |
||
| 650 | 4 |
_aIMPROVISACION (REPRESENTACION TEATRAL) _923850 |
|
| 650 | 4 |
_aNAVIDAD - _xTEATRO _920485 |
|
| 905 | _aLibro | ||
| 999 |
_c101335 _d101335 |
||